COMPARISON OF INTRODUCED AND LOCAL VARIETIES OF CRON AT ROYAL UNIVERSITY OF AGRICULTURE,(ការប្រៀបធៀបពូជពោតនំាចូល និងពូជក្នុងស្រុក នៅលក្ខខណ្ឌសាកលវិទ្យាល័យភូមិន្ទកសិកម្ម) (Record no. 1068)

000 -LEADER
fixed length control field 00687nam a22001577a 4500
003 - CONTROL NUMBER IDENTIFIER
control field OSt
005 - DATE AND TIME OF LATEST TRANSACTION
control field 20150922142948.0
008 - FIXED-LENGTH DATA ELEMENTS--GENERAL INFORMATION
fixed length control field 150922b xxu||||| |||| 00| 0 eng d
040 ## - CATALOGING SOURCE
Transcribing agency RUA
082 ## - DEWEY DECIMAL CLASSIFICATION NUMBER
Classification number AGR BUN 2007 B035 Or.1
100 ## - MAIN ENTRY--PERSONAL NAME
9 (RLIN) 1115
Personal name BUN LEANG HAK
245 ## - TITLE STATEMENT
Title COMPARISON OF INTRODUCED AND LOCAL VARIETIES OF CRON AT ROYAL UNIVERSITY OF AGRICULTURE,(ការប្រៀបធៀបពូជពោតនំាចូល និងពូជក្នុងស្រុក នៅលក្ខខណ្ឌសាកលវិទ្យាល័យភូមិន្ទកសិកម្ម)
260 ## - PUBLICATION, DISTRIBUTION, ETC. (IMPRINT)
Place of publication, distribution, etc. phonm penh
Name of publisher, distributor, etc. RUA
Date of publication, distribution, etc. 2007
300 ## - PHYSICAL DESCRIPTION
Extent xvi,79p.
Dimensions ill.
Size of unit 29cm.
942 ## - ADDED ENTRY ELEMENTS (KOHA)
Source of classification or shelving scheme
Koha item type AGR
Holdings
Price effective from Date last seen Permanent Location Not for loan Date acquired Source of classification or shelving scheme Koha item type Lost status Withdrawn status Date last checked out Total Checkouts Shelving location Damaged status Barcode Current Location Full call number
2015-09-222023-08-01Library Block B 2015-09-22 AGR  2023-07-184B035 RUA002122Library Block BAGR BUN 2007 B035 Or.1
2015-09-222020-03-10Library Block B 2015-09-22 AGR  2020-01-293B035 RUA008729Library Block BAGR BUN 2007 B035 Or.2
មជ្ឈមណ្ឌលឯការនៃសាកលវិទ្យាល័យភូមិន្ទកសិកម្មចំការដូង

Powered by Koha